000 00780nam a22002657a 4500
003 CHAP
005 20220329135106.0
008 971013s1969 r 00010 d
010 _a30792
011 _a31764
035 _a35876
040 _cCHAP
082 _a547.593
_bM3
100 0 0 _aMarks, Gerald S.
_971446
245 _aHeme and chlorophyll
_b: chemical, biochemical and medical aspect
260 _aPrinceton, N.J. :
_bVan Nostrand,
_c1969
300 _a208 p.
_b: ilus
590 _aBATCH-UPD
_b10
_c20130110
_lUCH01
_h1817
590 _aCONVERSION
_b10
_c20130109
_lUCH01
_h1317
650 1 4 _aClorofila.
_923899
650 1 4 _aHemoglobina.
_953510
901 _aBK
942 _cLIBRO
949 _a547.593 M3
_bBC
_cLIBRO
_d33724000445037
_eLIBRO
_h13988
_i35876
_si
_t150.00
999 _c30792
_d30792